[Event "Lasker B 2018"]
[Site "?"]
[Date "2018.07.06"]
[Round "6.12"]
[White "Krzyszewski, Dawid"]
[Black "Bola, Zygmunt"]
[Result "0-1"]
[WhiteElo "1356"]
[BlackElo "1703"]
[PlyCount "76"]
[EventDate "2018.??.??"]
[WhiteClock "1:30:16"]
[BlackClock "1:24:42"]

1. e4 d5 2. exd5 Qxd5 3. Nc3 Qe5+ 4. Qe2 Qxe2+ 5. Ngxe2 c6 6. d4 Nf6 7. Bf4 Bf5
8. O-O-O e6 9. g3 Nbd7 10. Bg2 h6 11. Rhe1 Bb4 12. a3 Ba5 13. h4 O-O-O 14. b4
Bc7 15. Bxc7 Kxc7 16. b5 Nb6 17. a4 Ng4 18. Rf1 Nc4 19. f3 Nge3 20. Rg1 Nxd1
21. Rxd1 Ne3 22. Rg1 Nxc2 23. g4 Bh7 24. bxc6 bxc6 25. Ne4 Bxe4 26. fxe4 Nxd4
27. Nxd4 Rxd4 28. a5 Rb8 29. Rf1 f6 30. Rf2 Rb5 31. a6 Ra4 32. Bf1 Ra1+ 33. Kd2
Rb2+ 34. Ke3 Ra3+ 35. Kd4 Rxf2 36. Bc4 Kd6 37. e5+ fxe5+ 38. Ke4 Rf4# 0-1

[Event "Lasker B 2018"]
[Site "?"]
[Date "2018.07.06"]
[Round "6.11"]
[White "Krzyszewski, Tomasz"]
[Black "Siekanska, Maria"]
[Result "*"]
[WhiteElo "1704"]
[BlackElo "1306"]
[PlyCount "86"]
[EventDate "2018.??.??"]
[WhiteClock "0:12:00"]
[BlackClock "0:13:20"]

1. e4 c5 2. Nf3 e6 3. d4 cxd4 4. Nxd4 Nf6 5. Bd3 Nc6 6. Be3 d6 7. O-O Be7 8.
Nc3 O-O 9. f4 a6 10. Nxc6 bxc6 11. e5 Nd5 12. Nxd5 cxd5 13. Qh5 g6 14. Qh6 Re8
15. Rf3 Bf8 16. Qh3 dxe5 17. fxe5 Qc7 18. Raf1 Re7 19. Bg5 Rd7 20. Bf6 Bg7 21.
Qh4 Bxf6 22. Qxf6 Qc5+ 23. Kh1 Qe7 24. Qf4 Rb8 25. Rh3 Qf8 26. b3 a5 27. Rh6 a4
28. Bxg6 hxg6 29. Rxg6+ Kh7 30. Rf6 Rb4 31. c4 dxc4 32. Qh4+ Kg8 33. R6f4 axb3
34. Rg4+ Qg7 35. Rxg7+ Kxg7 36. axb3 Ba6 37. Qf6+ Kg8 38. bxc4 Bxc4 39. Ra1 Ra7
40. Qd8+ Kg7 41. Qg5+ Kh7 42. Qh4+ Kg7 43. Qg4+ Kh6 *

[Event "Lasker B 2018"]
[Site "?"]
[Date "2018.07.06"]
[Round "6.10"]
[White "Urbanowicz, Wojciech"]
[Black "Sulima, Franciszek"]
[Result "1-0"]
[WhiteElo "1587"]
[BlackElo "1281"]
[PlyCount "83"]
[EventDate "2018.??.??"]
[WhiteClock "0:04:30"]
[BlackClock "0:25:50"]

1. e4 c5 2. c3 d6 3. d4 cxd4 4. cxd4 Nf6 5. Nc3 e6 6. Nf3 Be7 7. Bd3 O-O 8. O-O
a6 9. Bf4 Nbd7 10. Qc2 h6 11. Rad1 b5 12. e5 Ne8 13. Ne4 d5 14. Ng3 Bb7 15. Qd2
f5 16. exf6 Ndxf6 17. Rfe1 Qd7 18. Ne5 Qd8 19. Bxh6 gxh6 20. Qxh6 Ng7 21. Ng6
Bd6 22. Re5 Ng4 23. Qh8+ Kf7 24. Qh7 Bxe5 25. dxe5 Qg5 26. h3 Qh6 27. Nxf8 Rxf8
28. hxg4 Qg5 29. Nh5 Qxg4 30. Nxg7 Qxg7 31. Qh5+ Ke7 32. Rc1 Kd8 33. Qh4+ Ke8
34. Qd4 Rh8 35. f4 Qh6 36. Rc7 Qh1+ 37. Kf2 Rg8 38. Bf1 Qh4+ 39. Ke2 Rg4 40.
Qa7 Rxg2+ 41. Bxg2 Qg4+ 42. Bf3 1-0

[Event "Lasker B 2018"]
[Site "?"]
[Date "2018.07.06"]
[Round "6.9"]
[White "Zalucka, Emilia"]
[Black "Gabka, Pawel"]
[Result "*"]
[WhiteElo "1425"]
[BlackElo "1989"]
[PlyCount "63"]
[EventDate "2018.??.??"]
[WhiteClock "0:10:16"]
[BlackClock "0:05:11"]

1. e4 c6 2. d4 d5 3. e5 Bf5 4. Bd3 Bxd3 5. Qxd3 e6 6. Nf3 Nd7 7. Nbd2 Ne7 8.
Nf1 c5 9. c3 Nc6 10. Bd2 Qb6 11. Rb1 a5 12. Ne3 Be7 13. O-O h5 14. Nc2 a4 15.
Ng5 Nd8 16. f4 g6 17. Kh1 cxd4 18. cxd4 Kf8 19. Na3 Kg7 20. Nb5 Qa6 21. Rf3 Rc8
22. Rc1 Rxc1+ 23. Bxc1 Nc6 24. Bd2 Rc8 25. h4 Nb4 26. Bxb4 Bxb4 27. a3 Be7 28.
Rg3 Nf8 29. Nc3 Rc4 30. Re3 b5 31. Qd1 Qc6 32. Kh2 *

[Event "Lasker B 2018"]
[Site "?"]
[Date "2018.07.06"]
[Round "6.1"]
[White "Swiderski, Radoslaw"]
[Black "Czuchnicki, Adam"]
[Result "1-0"]
[WhiteElo "1983"]
[BlackElo "1966"]
[PlyCount "65"]
[EventDate "2018.??.??"]
[WhiteClock "0:18:05"]
[BlackClock "0:23:14"]

1. e4 c5 2. Nf3 d6 3. d4 cxd4 4. Nxd4 Nf6 5. Nc3 a6 6. Bg5 e6 7. f4 Be7 8. Qf3
Qc7 9. O-O-O Nbd7 10. g4 Rb8 11. Bxf6 Bxf6 12. g5 Bxd4 13. Rxd4 b5 14. Kb1 b4
15. Nd1 O-O 16. Ne3 Qc5 17. Rc4 Qb6 18. Ng4 d5 19. exd5 exd5 20. Rxc8 Rfxc8 21.
Bd3 Nf8 22. f5 Rc7 23. f6 g6 24. Nh6+ Kh8 25. Re1 Qc5 26. Qf4 Rbc8 27. h4 a5
28. h5 a4 29. hxg6 hxg6 30. Nf5 Nh7 31. Rh1 b3 32. Qh2 bxc2+ 33. Kc1 1-0

[Event "Lasker B 2018"]
[Site "?"]
[Date "2018.07.05"]
[Round "5.10"]
[White "Siekanska, Zuzanna"]
[Black "Krolik, Wladyslaw"]
[Result "0-1"]
[WhiteElo "1395"]
[BlackElo "1639"]
[PlyCount "64"]
[EventDate "2018.??.??"]
[WhiteClock "1:05:05"]
[BlackClock "0:45:48"]

1. d4 e6 2. c4 d6 3. Nc3 b6 4. e4 Bb7 5. Bd3 Nd7 6. Nf3 g6 7. O-O Bg7 8. Be3
Ne7 9. Qd2 h6 10. b4 a5 11. a3 Nc6 12. b5 Ne7 13. Rfe1 g5 14. Qe2 Ng6 15. Rac1
Qe7 16. Na4 O-O 17. c5 dxc5 18. dxc5 Nde5 19. Nd2 Rfd8 20. Bb1 Nf4 21. Bxf4
gxf4 22. Nf3 Nxf3+ 23. Qxf3 e5 24. cxb6 cxb6 25. Nxb6 Rab8 26. Nc4 Bc8 27. Nxa5
Qg5 28. Nc6 Bg4 29. Qb3 f3 30. Nxd8 Rxd8 31. Bd3 Be6 32. Bc4 Qxg2# 0-1

[Event "Lasker B 2018"]
[Site "?"]
[Date "2018.07.05"]
[Round "5.9"]
[White "Koziorowicz, Michal"]
[Black "Lewandowski, Witold"]
[Result "1-0"]
[WhiteElo "1644"]
[BlackElo "1444"]
[PlyCount "65"]
[EventDate "2018.??.??"]
[WhiteClock "0:13:13"]
[BlackClock "0:22:11"]

1. e4 c6 2. d4 d5 3. Nc3 dxe4 4. Nxe4 Bf5 5. Ng3 Bg6 6. h4 h6 7. Nf3 Nf6 8. h5
Bh7 9. Bd3 Bxd3 10. Qxd3 e6 11. Bf4 Bd6 12. Ne5 Bxe5 13. Bxe5 Nbd7 14. Bf4 Nb6
15. Bd2 O-O 16. O-O-O Qd5 17. b3 a5 18. c4 Qd7 19. Bc3 Qe7 20. Ne4 Nxe4 21.
Qxe4 Qa3+ 22. Bb2 Qxa2 23. Rd3 a4 24. Rg3 a3 25. Bc3 Qxf2 26. Qg4 g5 27. hxg6
a2 28. gxf7+ Kxf7 29. Rf3+ Ke8 30. Qxe6+ Kd8 31. Rxf2 a1=Q+ 32. Bxa1 Rxa1+ 33.
Kb2 1-0

[Event "Lasker B 2018"]
[Site "?"]
[Date "2018.07.05"]
[Round "5.8"]
[White "Mielke, Torsten"]
[Black "Krzyszewski, Tomasz"]
[Result "1-0"]
[WhiteElo "1716"]
[BlackElo "1704"]
[PlyCount "41"]
[EventDate "2018.??.??"]
[WhiteClock "0:58:19"]
[BlackClock "1:09:35"]

1. e4 e5 2. f4 exf4 3. Nf3 g5 4. Bc4 Bg7 5. O-O Nc6 6. c3 Na5 7. Bd3 Nh6 8. b4
Nc6 9. Qb3 O-O 10. Bb2 d6 11. Na3 Ng4 12. c4 Nge5 13. Bc2 Nxf3+ 14. Rxf3 Nd4
15. Qd3 Nxf3+ 16. gxf3 Bxb2 17. e5 f5 18. exf6 Rf7 19. Re1 Qxf6 20. Re8+ Kg7
21. Qxh7# {Kg8} 1-0

[Event "Lasker B 2018"]
[Site "?"]
[Date "2018.07.05"]
[Round "5.7"]
[White "Reinecke, Katharina"]
[Black "Jozwik, Jaroslaw"]
[Result "1/2-1/2"]
[WhiteElo "1857"]
[BlackElo "1680"]
[PlyCount "46"]
[EventDate "2018.??.??"]
[WhiteClock "1:08:39"]
[BlackClock "0:39:34"]

1. d4 Nf6 2. c4 g6 3. g3 Bg7 4. Bg2 O-O 5. Nc3 d6 6. Nf3 Nc6 7. O-O e5 8. d5
Na5 9. Qd3 e4 10. Nxe4 Nxe4 11. Qxe4 Bf5 12. Qf4 Re8 13. Re1 Re4 14. Qd2 Nxc4
15. Qc2 Nb6 16. Ng5 Rc4 17. Qb3 Rxc1 18. Raxc1 Qxg5 19. e4 Bd7 20. Rxc7 Ba4 21.
Qf3 Rf8 22. b3 Bb5 23. Rxb7 Qd2 1/2-1/2

[Event "Lasker B 2018"]
[Site "?"]
[Date "2018.07.05"]
[Round "5.6"]
[White "Czechowski, Jakub"]
[Black "Przysiecki, Kajetan"]
[Result "1/2-1/2"]
[WhiteElo "1880"]
[BlackElo "1771"]
[Annotator "user"]
[PlyCount "137"]
[EventDate "2018.??.??"]
[WhiteClock "0:02:51"]
[BlackClock "0:02:44"]

1. e4 d6 2. d4 Nf6 3. Nc3 c6 4. a4 g6 5. Bc4 Bg7 6. Nf3 O-O 7. O-O b6 8. h3 d5
9. exd5 cxd5 10. Bd3 Ba6 11. Bf4 Bxd3 12. Qxd3 Nc6 13. Bh2 e6 14. Rfe1 a6 15.
Qe3 Re8 16. Ne5 Nb4 17. Qd2 Rc8 18. Rac1 Bf8 19. Bf4 Nh5 20. Be3 f6 21. Ng4 Rc7
22. Ne2 Nc6 23. Bf4 Nxf4 24. Nxf4 Kf7 25. Re3 f5 26. Ne5+ Nxe5 27. Rxe5 Bg7 28.
Re2 Bh6 29. Rce1 Qd6 30. Re5 Rce7 31. g3 Bg7 32. R5e2 Qc6 33. c3 Qxa4 34. Qe3
Qd7 35. Qd3 b5 36. Ra1 Qc6 37. h4 Ra8 38. Rae1 Rae8 39. Qf3 Bf6 40. Kg2 b4 41.
g4 fxg4 42. Qxg4 bxc3 43. bxc3 e5 44. dxe5 Bxe5 45. Qf3 Bxf4 46. Qxf4+ Qf6 47.
Rxe7+ Rxe7 48. Rxe7+ Kxe7 49. Qc7+ Ke6 50. Qxh7 Kf5 51. h5 Qg5+ 52. Kf1 Qxh5
53. Qf7+ Ke4 54. Qe6+ Kd3 55. Qxa6+ Kxc3 56. Qa3+ Kd4 57. Qa7+ Ke5 58. Qe7+ Kf5
59. Qd7+ Kf4 60. Qd6+ Kg4 61. Qg3+ Kf5 62. Qd3+ Ke5 63. Qc3+ d4 64. Qc5+ Ke4
65. Qc6+ Kf4 66. Qd6+ Ke4 67. Qc6+ Kd3 68. Qa6+ Kc3 69. Qa3+ 1/2-1/2

[Event "Lasker B 2018"]
[Site "?"]
[Date "2018.07.05"]
[Round "5.5"]
[White "Majdanski, Maksymilian"]
[Black "Gigola, Jacek"]
[Result "1/2-1/2"]
[WhiteElo "1763"]
[BlackElo "1881"]
[Annotator "user"]
[PlyCount "118"]
[EventDate "2018.??.??"]
[WhiteClock "0:22:43"]
[BlackClock "0:07:03"]

1. d4 Nf6 2. Nf3 e6 3. c4 b6 4. Nc3 Bb7 5. b3 Bb4 6. Bb2 Ne4 7. Qc2 f5 8. e3 d6
9. Bd3 Nd7 10. O-O-O Bxc3 11. Bxc3 Nxc3 12. Qxc3 Qf6 13. Qc2 g6 14. Rde1 e5 15.
e4 f4 16. d5 a5 17. h4 h6 18. Ref1 Ke7 19. g4 g5 20. h5 Rhb8 21. a4 Nc5 22. Be2
Bc8 23. Rhg1 Bd7 24. Ne1 Rc8 25. f3 Qf8 26. Nd3 Na6 27. Kd2 Qh8 28. Rc1 Nc5 29.
Ke1 Kf6 30. Kf2 Qh7 31. Nxc5 bxc5 32. Qc3 Rcb8 33. Bd1 Rb4 34. Bc2 Qg8 35. Ra1
Qb8 36. Rgd1 Ra6 37. Rd3 Rab6 38. Ke2 Qc8 39. Rg1 Ke7 40. Qd2 Qa6 41. Ra1 Qa8
42. Rd1 Qb7 43. Ra1 Qa7 44. Rd1 Rb8 45. Ra1 R4b7 46. Rd1 Rb4 47. Ra1 Kd8 48.
Rd1 Kc8 49. Ra1 Kb7 50. Rd1 Ka6 51. Ra1 R4b7 52. Rd1 Qb6 53. Ra1 Rf8 54. Kf2
Rbb8 55. Ke2 Rf6 56. Kf2 Rbf8 57. Rg1 Qb4 58. Qxb4 axb4 59. Rdd1 Ka5 1/2-1/2

[Event "Lasker B 2018"]
[Site "?"]
[Date "2018.07.05"]
[Round "5.4"]
[White "Gniado, Radoslaw"]
[Black "Nadstoga, Wojciech"]
[Result "1/2-1/2"]
[WhiteElo "1805"]
[BlackElo "1933"]
[Annotator "user"]
[PlyCount "101"]
[EventDate "2018.??.??"]
[WhiteClock "0:05:16"]
[BlackClock "0:04:36"]

1. d4 Nf6 2. Bf4 c5 3. e3 Qb6 4. Nc3 d6 5. dxc5 Qxc5 6. Nf3 Nc6 7. a3 e5 8. Bg3
Bf5 9. Nd2 d5 10. Nb3 Qd6 11. Nd4 Bd7 12. Ndb5 Qb8 13. Nxd5 Nxd5 14. Qxd5 Be6
15. Qd2 Be7 16. Nd4 Bd7 17. Bb5 Bd6 18. Nxc6 bxc6 19. Rd1 cxb5 20. Qxd6 Qxd6
21. Rxd6 f6 22. Ke2 Rc8 23. c3 Ke7 24. Rhd1 Rhd8 25. R6d2 Be6 26. Rxd8 Rxd8 27.
Rxd8 Kxd8 28. f4 e4 29. Kd2 a5 30. Be1 a4 31. c4 Bxc4 32. Kc3 Kd7 33. Kd4 Bd3
34. Kd5 h5 35. g3 Ke7 36. h3 Bf1 37. Bb4+ Kf7 38. Kxe4 Bxh3 39. Kd4 g5 40. fxg5
fxg5 41. Ke4 Ke6 42. Kf3 Bg4+ 43. Kf2 Kf5 44. Be7 Bd1 45. e4+ Kg4 46. e5 h4 47.
gxh4 gxh4 48. Kg1 Bb3 49. Kh2 Be6 50. Bd8 Kh5 51. Bf6 1/2-1/2

[Event "Lasker B 2018"]
[Site "?"]
[Date "2018.07.05"]
[Round "5.3"]
[White "Gabka, Pawel"]
[Black "Twardowski, Hubert"]
[Result "0-1"]
[WhiteElo "1989"]
[BlackElo "1728"]
[PlyCount "104"]
[EventDate "2018.??.??"]
[WhiteClock "0:01:20"]
[BlackClock "0:02:30"]

1. d4 Nf6 2. c4 c5 3. Nf3 e6 4. g3 g6 5. Bg2 cxd4 6. O-O Nc6 7. Nxd4 Bg7 8. Nc3
O-O 9. Ndb5 a6 10. Nd6 Ne8 11. Nce4 Nc7 12. Rb1 f5 13. Bg5 Ne7 14. Nc5 h6 15.
Bxb7 hxg5 16. Bxa8 Nxa8 17. b4 Qc7 18. Qd2 f4 19. Rfc1 Nf5 20. Nxc8 Rxc8 21.
Qxd7 Qxd7 22. Nxd7 Nd4 23. Kf1 f3 24. e3 Ne2 25. Rc2 Nc3 26. Rbc1 Rxc4 27. a3
Nc7 28. Nc5 a5 29. Ke1 axb4 30. axb4 Kf7 31. Na4 N7b5 32. Nxc3 Bxc3+ 33. Kd1
Rc7 34. Ra2 Rd7+ 35. Kc2 Rd2+ 36. Kb3 Rxa2 37. Kxa2 Bxb4 38. Kb3 Be7 39. g4 Nd6
40. Kc2 Ne4 41. Rf1 Kf6 42. h3 Ke5 43. Kd3 Kd5 44. Kc2 Kc4 45. Rd1 Bc5 46. Rd8
Nxf2 47. Kd2 Nxh3 48. Ke1 Bxe3 49. Rf8 Nf4 50. Rf7 Kd4 51. Ra7 Ke4 52. Kf1 Bxa7
0-1

[Event "Lasker B 2018"]
[Site "?"]
[Date "2018.07.05"]
[Round "5.2"]
[White "Czuchnicki, Adam"]
[Black "Raczykowska, Paulina"]
[Result "1-0"]
[WhiteElo "1966"]
[BlackElo "1857"]
[Annotator "user"]
[PlyCount "81"]
[EventDate "2018.??.??"]
[WhiteClock "0:22:05"]
[BlackClock "0:02:17"]

1. Nf3 Nf6 2. g3 e6 3. Bg2 d5 4. O-O Bd6 5. d4 Nbd7 6. c4 c6 7. Nc3 O-O 8. Nd2
Re8 9. e4 dxe4 10. Ndxe4 Nxe4 11. Nxe4 Bc7 12. Bg5 f6 13. Be3 Nb6 14. Qb3 Qe7
15. Rad1 Kh8 16. Rfe1 Bd7 17. Nc5 Rab8 18. Be4 f5 19. Bg2 f4 20. Bc1 Bd6 21.
Nd3 c5 22. dxc5 Bxc5 23. Nxc5 Qxc5 24. Bxf4 Ba4 25. Qc3 Bxd1 26. Bxb8 Rxb8 27.
Rxd1 Rf8 28. Qc2 Qxc4 29. Qxc4 Nxc4 30. b3 Na5 31. Rd7 b6 32. Rxa7 g6 33. Re7
Rc8 34. Rxe6 Rc2 35. Rxb6 Rxa2 36. Bd5 Rb2 37. Rb5 Rb1+ 38. Kg2 Ra1 39. b4 Rb1
40. Rb8+ Kg7 41. Rg8+ 1-0

[Event "Lasker B 2018"]
[Site "?"]
[Date "2018.07.05"]
[Round "5.1"]
[White "Dzida, Kamil"]
[Black "Swiderski, Radoslaw"]
[Result "0-1"]
[WhiteElo "1854"]
[BlackElo "1983"]
[PlyCount "74"]
[EventDate "2018.??.??"]
[WhiteClock "0:20:35"]
[BlackClock "0:58:05"]

1. e4 c5 2. Nf3 d6 3. d4 cxd4 4. Nxd4 Nf6 5. Nc3 Nc6 6. Bg5 e6 7. Qd2 a6 8.
O-O-O Bd7 9. f4 b5 10. Nf3 h6 11. Bxf6 gxf6 12. Kb1 Qb6 13. f5 Ne5 14. Nd4 b4
15. Nce2 Nc4 16. Qd3 Rc8 17. fxe6 fxe6 18. Qf3 e5 19. Nf5 Ba4 20. Nc1 Na3+ 21.
bxa3 Bxc2+ 22. Ka1 bxa3 23. Nb3 Bxd1 24. Qxd1 Qb4 25. Qd2 Rc3 26. Nc1 Rh7 27.
Ne2 Rb3 28. Qxb4 Rxb4 29. Ne3 Rxe4 30. Nd5 Kf7 31. Kb1 Ke6 32. Nec3 Re1+ 33.
Kc2 Rb7 34. Kd2 Ra1 35. Ne3 Rb2+ 36. Nc2 d5 37. Nd1 Bb4+ 0-1

[Event "Lasker B 2018"]
[Site "?"]
[Date "2018.07.05"]
[Round "4.10"]
[White "Sulima, Franciszek"]
[Black "Mielke, Torsten"]
[Result "0-1"]
[WhiteElo "1281"]
[BlackElo "1716"]
[PlyCount "72"]
[EventDate "2018.??.??"]
[WhiteClock "1:03:26"]
[BlackClock "0:31:12"]

1. e4 e5 2. Nf3 Nc6 3. d4 exd4 4. Bc4 Bb4+ 5. c3 dxc3 6. O-O Qe7 7. a3 Bc5 8.
b4 Bb6 9. Nxc3 Ne5 10. Nd5 Nxf3+ 11. Qxf3 Qf8 12. Be3 Kd8 13. Bg5+ f6 14. e5 h6
15. exf6 hxg5 16. f7 Nh6 17. Qg3 Nxf7 18. Nxb6 axb6 19. Rac1 c6 20. Rfd1 Qe7
21. Bxf7 Qxf7 22. Qe3 Qf4 23. Qxb6+ Qc7 24. Qe3 Qxh2+ 25. Kf1 Qf4 26. Qb6+ Qc7
27. Qe3 Rh1+ 28. Ke2 Rxd1 29. Qxg5+ Ke8 30. Qg6+ Kf8 31. Qf5+ Kg8 32. Qh5 Qd8
33. Rxd1 Rxa3 34. Kf1 d5 35. Re1 Bd7 36. Ra1 Ra5 0-1

[Event "Lasker B 2018"]
[Site "?"]
[Date "2018.07.05"]
[Round "4.7"]
[White "Twardowski, Hubert"]
[Black "Koziorowicz, Michal"]
[Result "1-0"]
[WhiteElo "1728"]
[BlackElo "1644"]
[PlyCount "85"]
[EventDate "2018.??.??"]
[WhiteClock "0:10:51"]
[BlackClock "0:01:06"]

1. e4 c5 2. Nf3 d6 3. d4 cxd4 4. Nxd4 Nf6 5. Nc3 g6 6. Be3 Bg7 7. f3 O-O 8. Qd2
Nc6 9. Bc4 Bd7 10. O-O-O Rc8 11. Bb3 Ne5 12. g4 b5 13. a3 a5 14. Nb1 a4 15. Ba2
Nc4 16. Bxc4 Rxc4 17. h4 Qb8 18. c3 Rfc8 19. g5 Nh5 20. Nc2 Be6 21. Bd4 Bxd4
22. Nxd4 b4 23. axb4 Qxb4 24. Nc2 Qb3 25. Nca3 R4c5 26. Qd4 Qa2 27. Rd2 Bb3 28.
Re1 Nf4 29. Qe3 Ne6 30. f4 Nc7 31. h5 Nb5 32. Nxb5 Rxb5 33. hxg6 fxg6 34. Rh1
Be6 35. Qd4 a3 36. b4 Qa1 37. Rxh7 Re5 38. Rdh2 Kf8 39. Rh8+ Bg8 40. fxe5 a2
41. Qf2+ Kg7 42. Rxg8+ Kxg8 43. Qxa2+ 1-0

[Event "Lasker B 2018"]
[Site "?"]
[Date "2018.07.05"]
[Round "4.1"]
[White "Swiderski, Radoslaw"]
[Black "Gabka, Pawel"]
[Result "1-0"]
[WhiteElo "1983"]
[BlackElo "1989"]
[PlyCount "83"]
[EventDate "2018.??.??"]
[WhiteClock "0:05:18"]
[BlackClock "0:40:16"]

1. e4 e5 2. Nf3 Nc6 3. Bb5 a6 4. Ba4 Nf6 5. O-O Be7 6. Re1 b5 7. Bb3 d6 8. c3
O-O 9. h3 Bb7 10. d4 Re8 11. Ng5 Rf8 12. Nf3 Re8 13. Nbd2 Bf8 14. a3 h6 15. Bc2
Nb8 16. b4 c6 17. Nb3 Qc7 18. Na5 Bc8 19. c4 bxc4 20. Nxc4 Nbd7 21. Bb2 g6 22.
dxe5 dxe5 23. Rc1 Qb8 24. Ba4 Re6 25. Bb3 Re8 26. Ncxe5 Nxe5 27. Nxe5 Rxe5 28.
Rxc6 Be7 29. Rxc8+ Qxc8 30. Bxe5 Qc6 31. Bb2 Rf8 32. e5 Nh5 33. Bd5 Qb5 34. e6
Rd8 35. exf7+ Kf8 36. Re5 Nf4 37. Qd4 Rxd5 38. Qxf4 Rd1+ 39. Kh2 Bd6 40. Re8+
Qxe8 41. Bg7+ Kxg7 42. fxe8=N+ 1-0

[Event "Lasker B 2018"]
[Site "?"]
[Date "2018.07.05"]
[Round "3.6"]
[White "Urbanowicz, Wojciech"]
[Black "Gigola, Jacek"]
[Result "1/2-1/2"]
[WhiteElo "1587"]
[BlackElo "1881"]
[PlyCount "45"]
[EventDate "2018.??.??"]
[WhiteClock "0:14:09"]
[BlackClock "1:08:46"]

1. e4 e5 2. Nf3 Nc6 3. Bb5 a6 4. Ba4 Nf6 5. O-O Be7 6. Re1 b5 7. Bb3 O-O 8. c3
d5 9. exd5 Nxd5 10. h3 Bb7 11. d4 exd4 12. Nxd4 Nxd4 13. cxd4 Bb4 14. Bd2 Bxd2
15. Qxd2 Qf6 16. Nc3 Nf4 17. Ne4 Qh6 18. Kh2 Rae8 19. f3 Bc8 20. Nf2 Qg5 21.
Ne4 Qh6 22. Nf2 Qg5 23. Ne4 1/2-1/2

[Event "Lasker B 2018"]
[Site "?"]
[Date "2018.07.05"]
[Round "2.10"]
[White "Sulima, Franciszek"]
[Black "Koziorowicz, Michal"]
[Result "0-1"]
[WhiteElo "1281"]
[BlackElo "1644"]
[PlyCount "88"]
[EventDate "2018.??.??"]
[WhiteClock "0:01:18"]
[BlackClock "0:00:32"]

1. e4 c5 2. Nc3 Nc6 3. g3 g6 4. Bg2 Bg7 5. d3 Rb8 6. Be3 d6 7. Nge2 b5 8. Qd2
e6 9. O-O Nge7 10. f4 b4 11. Nd1 Nd4 12. g4 O-O 13. Ng3 f5 14. gxf5 exf5 15. c3
bxc3 16. bxc3 Ndc6 17. Nb2 fxe4 18. dxe4 Ba6 19. Rfd1 Qa5 20. Rdc1 Kh8 21. Nd1
Rfd8 22. Rab1 Rxb1 23. Rxb1 Bc4 24. Rb2 d5 25. e5 Qa3 26. Ne2 d4 27. cxd4 Nxd4
28. Nxd4 cxd4 29. Bf2 Nf5 30. Be4 Qf8 31. Qb4 Qf7 32. Bxf5 gxf5 33. a4 Rg8 34.
Bg3 Bh6 35. Kf2 Bf8 36. Qb7 Qh5 37. Qf3 Qe8 38. Rd2 Bc5 39. Nb2 Ba6 40. Qb3 d3+
41. Kf1 Qc6 42. Nxd3 Be3 43. Rg2 Qe4 44. Bh4 Qxg2+ 0-1

[Event "Lasker B 2018"]
[Site "?"]
[Date "2018.07.05"]
[Round "2.3"]
[White "Twardowski, Hubert"]
[Black "Czuchnicki, Adam"]
[Result "1/2-1/2"]
[WhiteElo "1728"]
[BlackElo "1966"]
[PlyCount "82"]
[EventDate "2018.??.??"]
[WhiteClock "0:03:57"]
[BlackClock "0:01:03"]

1. e4 c5 2. Nc3 d6 3. g3 Nc6 4. Bg2 g6 5. d3 Bg7 6. Nge2 e6 7. Be3 Nd4 8. O-O
Ne7 9. Qd2 Rb8 10. f4 b5 11. Rae1 b4 12. Nd1 O-O 13. g4 Qa5 14. c3 Nxe2+ 15.
Rxe2 Qxa2 16. Ref2 f5 17. gxf5 exf5 18. d4 Qa5 19. dxc5 dxc5 20. Qd6 Ba6 21.
Qxe7 Bxf1 22. Rxf1 bxc3 23. bxc3 fxe4 24. Qxc5 Qxc5 25. Bxc5 Rfe8 26. Bxa7 Rbc8
27. Re1 Bxc3 28. Nxc3 Rxc3 29. Bxe4 Rec8 30. Kf2 Kf8 31. Bd4 Rc1 32. Rxc1 Rxc1
33. Be3 Rd1 34. Bf3 Rb1 35. h3 Ra1 36. Bd4 Ra5 37. h4 Kf7 38. Kg3 h6 39. Be5 g5
40. hxg5 hxg5 41. Bc7 gxf4+ 1/2-1/2

[Event "Lasker B 2018"]
[Site "?"]
[Date "2018.07.05"]
[Round "2.2"]
[White "Swiderski, Radoslaw"]
[Black "Majdanski, Maksymilian"]
[Result "1-0"]
[WhiteElo "1983"]
[BlackElo "1763"]
[PlyCount "81"]
[EventDate "2018.??.??"]
[WhiteClock "0:30:08"]
[BlackClock "0:53:28"]

1. e4 e5 2. Nf3 Nc6 3. Bb5 a6 4. Ba4 Nf6 5. O-O Be7 6. Re1 b5 7. Bb3 O-O 8. h3
Bb7 9. d3 d6 10. a3 Na5 11. Ba2 c5 12. Nc3 Qc7 13. Bd2 Rfc8 14. Nd5 Nxd5 15.
exd5 c4 16. b4 cxb3 17. cxb3 Bxd5 18. Bxa5 Bxf3 19. Qd2 Qb7 20. gxf3 Qxf3 21.
Re3 Qh5 22. Qe2 Qh6 23. b4 Bg5 24. Rf3 Bf4 25. Bb6 g5 26. Be3 Qh4 27. Bxf4 gxf4
28. Kh2 Kh8 29. Bxf7 Ra7 30. Be6 Rcc7 31. Rg1 Rg7 32. Rxg7 Rxg7 33. Qe4 Rg6 34.
Qa8+ Kg7 35. Qg8+ Kh6 36. Qf8+ Rg7 37. Bg4 Qg5 38. Qxd6+ Rg6 39. Qf8+ Rg7 40.
d4 e4 41. Rxf4 1-0

[Event "Lasker B 2018"]
[Site "?"]
[Date "2018.07.05"]
[Round "1.8"]
[White "Siekanska, Zuzanna"]
[Black "Raczykowska, Paulina"]
[Result "0-1"]
[WhiteElo "1395"]
[BlackElo "1857"]
[PlyCount "60"]
[EventDate "2018.??.??"]
[WhiteClock "0:05:39"]
[BlackClock "0:11:38"]

1. d4 Nf6 2. c4 e6 3. Nf3 Bb4+ 4. Nbd2 b6 5. a3 Bxd2+ 6. Bxd2 Bb7 7. e3 d6 8.
Bd3 Ne4 9. Qc2 f5 10. Rg1 Nd7 11. g4 g6 12. g5 Qe7 13. Bb4 a5 14. Bd2 h6 15. d5
Nxg5 16. Nd4 e5 17. Nb5 Nf3+ 18. Kf1 Nxg1 19. Nxc7+ Kd8 20. Nxa8 Nf3 21. Nxb6
Nxd2+ 22. Qxd2 Nxb6 23. Qxa5 Qc7 24. b4 Ke7 25. Qb5 Ra8 26. c5 Ba6 27. cxd6+
Qxd6 28. Qc6 Bxd3+ 29. Ke1 Qxc6 30. dxc6 Bb5 0-1

[Event "Lasker B 2018"]
[Site "?"]
[Date "2018.07.05"]
[Round "1.5"]
[White "Spors, Carl Philip"]
[Black "Kugler, Pawel"]
[Result "0-1"]
[WhiteElo "1902"]
[BlackElo "1575"]
[PlyCount "110"]
[EventDate "2018.??.??"]
[WhiteClock "0:43:04"]
[BlackClock "0:22:16"]

1. d4 e6 2. c4 b6 3. Nc3 Bb7 4. Bf4 Bb4 5. a3 Bxc3+ 6. bxc3 f5 7. f3 Nf6 8. Nh3
O-O 9. Nf2 d6 10. e3 Nbd7 11. Bd3 Qe7 12. O-O Nh5 13. Nh3 h6 14. Qe1 Nxf4 15.
Nxf4 Qf7 16. Bc2 g5 17. Nh3 e5 18. Qe2 Qg7 19. f4 g4 20. Nf2 e4 21. Bb3 Kh7 22.
a4 a5 23. Nh1 h5 24. Qf2 Ba6 25. Qh4 Qg6 26. Rfd1 Rae8 27. Rd2 Rh8 28. Ng3 Kg7
29. Rf1 Ref8 30. Rdf2 Rf6 31. Qg5 h4 32. Qxg6+ Kxg6 33. Nh1 d5 34. g3 dxc4 35.
Ba2 Rd6 36. gxh4 Rxh4 37. Rg2 Nf6 38. Ng3 Nd5 39. Re1 Nxc3 40. Bxc4 Bxc4 41.
Rc1 Nd5 42. Rxc4 Nxe3 43. Rxc7 Nxg2 44. Kxg2 Kf6 45. Kg1 Rh8 46. Kg2 Ke6 47.
Ne2 Rf8 48. Kg3 Kd5 49. Nc3+ Kxd4 50. Nb5+ Kd5 51. Nxd6 Kxd6 52. Rc3 Kd5 53.
Kf2 Rh8 54. Kg2 Rh6 55. Rc2 e3 0-1

[Event "Lasker B 2018"]
[Site "?"]
[Date "2018.07.05"]
[Round "1.4"]
[White "Urbanowicz, Wojciech"]
[Black "Nadstoga, Wojciech"]
[Result "0-1"]
[WhiteElo "1587"]
[BlackElo "1933"]
[PlyCount "76"]
[EventDate "2018.??.??"]
[WhiteClock "0:03:02"]
[BlackClock "0:32:43"]

1. e4 d6 2. d4 Nf6 3. Bd3 e5 4. c3 Nc6 5. Ne2 h6 6. h3 Be7 7. O-O g5 8. Be3 g4
9. Kh2 d5 10. Nd2 Bd6 11. Ng3 gxh3 12. gxh3 h5 13. f4 Ng4+ 14. hxg4 Bxg4 15.
Nf3 exf4 16. Bxf4 Bxf4 17. exd5 h4 18. Kg2 Ne7 19. Ne4 Nxd5 20. Qa4+ c6 21.
Rae1 Kd7 22. Ne5+ Bxe5 23. dxe5 Qe7 24. Nf6+ Nxf6 25. exf6 h3+ 26. Kf2 Qxf6+
27. Kg3 Qd6+ 28. Kf2 Qh2+ 29. Ke3 Rae8+ 30. Be4 f5 31. Qd4+ Kc7 32. Qg7+ Kb8
33. Kd4 Qd6+ 34. Kc4 Qe6+ 35. Kb4 fxe4 36. Rf7 c5+ 37. Ka4 Qa6+ 38. Kb3 Be6+
0-1

[Event "Lasker B 2018"]
[Site "?"]
[Date "2018.07.06"]
[Round "6.8"]
[White "Jozwik, Jaroslaw"]
[Black "Gniado, Radoslaw"]
[Result "*"]
[WhiteElo "1680"]
[BlackElo "1805"]
[PlyCount "82"]
[EventDate "2018.??.??"]
[WhiteClock "0:09:17"]
[BlackClock "0:18:48"]

1. e4 d6 2. d4 Nf6 3. Nc3 g6 4. Be3 Bg7 5. f3 O-O 6. Qd2 Nc6 7. Bc4 e5 8. Nge2
exd4 9. Nxd4 Ne5 10. Bb3 a6 11. O-O-O b5 12. Nde2 Bd7 13. Bg5 Qb8 14. Bxf6 Bxf6
15. Nd5 Bg7 16. Rhf1 a5 17. f4 Nc4 18. Bxc4 bxc4 19. c3 Re8 20. f5 Rxe4 21. f6
Bf8 22. Ng3 Re5 23. Rde1 Rxe1+ 24. Rxe1 Be6 25. Re4 Bxd5 26. Qxd5 Qa7 27. Kc2
Rb8 28. Qc6 Qf2+ 29. Re2 Qxf6 30. Qxc7 Qd8 31. Qxc4 d5 32. Qg4 Bg7 33. Rd2 Qb6
34. b3 Qc5 35. Rd3 Bh6 36. Kb2 Qf2+ 37. Qe2 Qg1 38. Nf1 a4 39. Rxd5 axb3 40.
axb3 Qb6 41. b4 Bg7 *